00530cam a2200181 a 45000010009000000050017000090080041000260200015000670400013000820820020000951000023001152450089001382600054002273000016002816500017002976500017003146500017003311332505720240307051555.0030403s2002 ce b 001 0 eng  a9559102516 aDLCcDLC 222a323.4bHUM.1 aFernando, Laksiri.10aHuman rights, politics and states :bBurma, Cambodia, Sri Lanka /cLaksiri Fernando. aColombo :bSocial Scientists' Association,c2002. av, 340 p. ; 0aHuman rights 0aHuman rights 0aHuman rights